Economics of shortage
Saved in:
| Main Author: | |
|---|---|
| Format: | Book |
| Language: | English |
| Published: |
Amsterdam : New York : New York :
North-Holland Pub. Co., sole distributors for the U.S.A. and Canada, Elsevier North-Holland,
c1980
|
| Series: | Contributions to economic analysis ;
; 131 |
| Subjects: | |
| Tags: |
Add Tag
No Tags, Be the first to tag this record!
|
MARC
| LEADER | 00000cam a2200000 i 4500 | ||
|---|---|---|---|
| 001 | 1/49986 | ||
| 008 | 960424s1980 eng d | ||
| 020 | |a 0444860592 ((set)) | ||
| 020 | |a 0444854266 ((v. A)) | ||
| 020 | |a 0444860584 ((v. B)) | ||
| 035 | |l 10026926 | ||
| 040 | |a GR-MY-UA |b gre |e aacr | ||
| 041 | 0 | |a eng | |
| 082 | 0 | |a 330.947 |2 (19) | |
| 100 | 1 | |a Kornai, Janos. | |
| 245 | 1 | 0 | |a Economics of shortage / |c Janos Kornai |
| 260 | |a Amsterdam : |a New York : |a New York : |b North-Holland Pub. Co., |b sole distributors for the U.S.A. and Canada, Elsevier North-Holland, |c c1980 | ||
| 300 | |a 2 v.; |b ill.; |c 23 cm | ||
| 490 | 1 | |a Contributions to economic analysis |v ; 131 | |
| 504 | |a Includes bibliography and indexes | ||
| 650 | 0 | 0 | |a Scarcity. |
| 651 | 0 | |a Europe, Eastern |x Economic conditions |y 1945-1989. | |
| 651 | 0 | |a Hungary |x Economic conditions |y 1968-1989. | |
| 830 | 0 | |a Contributions to economic analysis ; |v ; 131 | |
| 852 | |a INST |b CHIOS |e 19960424 |h 330.947 KOR |p 005200005674 |q 005200005674 |t BK |y 4 |x 20120518 | ||
| 909 | |a Χ |b 000091 | ||